000 00634cam a22002052 4500
001 0000000829
005 20151217151758.0
008 070220s xx 000 0 eng d
020 _cKES 890
040 _aKABU
_cKABU
050 0 _aBS1475.3
_b.E23 1983
100 1 _aEaton, Michael A.
_@0000159874
245 1 0 _aEcclesiastes :
_ban introduction and commentary /
_cMichael A. Eaton.
260 _aLeicester :
_bInter Varsity Press,
_c18823.
300 _a159 p.
630 0 0 _aBible.
_pO.T.
_pEcclesiastes.
_xCommentaries.
_@0000159875
908 _a070220
950 _@1
999 _c4934
_d4934